000 01872cam a22003014a 4500
005 20250605163945.0
008 250528s ||||||||||||||||||||||||d
035 _a15185
020 _a019827257X
040 _aGR-AtMCL
_bgre
_dGR-AtMCL
_eAACR2
245 1 _aPerspectives on Management / A Multidisciplinary Analysis
260 _bOxford University Press,
_c1983
300 _a252
505 0 _aEditor's Introduction, British Management and Industrial Relations: The Social Origins of a System, Entrepreneurship and Economic History: The State of the Debate, Management and Economic Performance, Managerial Behaviour: How Research Has Changed the Traditional Picture, Accounting and Management, Perspectives on Corporate Governance: Intellectual Influences in the Exercises of Corporate Governance, Management in Government, The Meaning of Management and the Management of Meaning: A View from Social Antropology, Perspectives on Management.
520 _aEditor's Introduction, British Management and Industrial Relations: The Social Origins of a System, Entrepreneurship and Economic History: The State of the Debate, Management and Economic Performance, Managerial Behaviour: How Research Has Changed the Traditional Picture, Accounting and Management, Perspectives on Corporate Governance: Intellectual Influences in the Exercises of Corporate Governance, Management in Government, The Meaning of Management and the Management of Meaning: A View from Social Antropology, Perspectives on Management.
700 1 _aEarl Michael J
_91053
700 1 _aFox Alan
_91054
700 1 _aGowler Dan
_91055
700 1 _aHay Donald
_91056
700 1 _aJohnson Nevil
_91057
700 1 _aLegge Karen
_91058
700 1 _aMathias Peter
_91059
700 1 _aStewart Rosemary
_91060
700 1 _aTricker Bob
_91061
942 _cBK
999 _c779
_d779